Spending and saving / (Record no. 1886)

MARC details
000 -LEADER
fixed length control field 01511cam a22003614a 4500
001 - CONTROL NUMBER
control field 1886
003 - CONTROL NUMBER IDENTIFIER
control field FISKH
005 - DATE AND TIME OF LATEST TRANSACTION
control field 20250502090554.0
008 - FIXED-LENGTH DATA ELEMENTS--GENERAL INFORMATION
fixed length control field 040709s2005 nyua 001 0 eng
010 ## - LIBRARY OF CONGRESS CONTROL NUMBER
LC control number 2004015805
020 ## - INTERNATIONAL STANDARD BOOK NUMBER
International Standard Book Number 9780516251745
020 ## - INTERNATIONAL STANDARD BOOK NUMBER
International Standard Book Number 0516251740 (pbk.)
040 ## - CATALOGING SOURCE
Original cataloging agency DLC
Transcribing agency DLC
Modifying agency DLC
Language of cataloging eng
042 ## - AUTHENTICATION CODE
Authentication code pcc
050 00 - LIBRARY OF CONGRESS CALL NUMBER
Classification number HG179
Item number .H473 2005
082 00 - DEWEY DECIMAL CLASSIFICATION NUMBER
Classification number 332
Edition number 22
100 1# - MAIN ENTRY--PERSONAL NAME
Personal name Hill, Mary,
Dates associated with a name 1977-
245 10 - TITLE STATEMENT
Title Spending and saving /
Statement of responsibility, etc. by Mary Hill.
260 ## - PUBLICATION, DISTRIBUTION, ETC.
Place of publication, distribution, etc. New York :
Name of publisher, distributor, etc. Scholastic,
Date of publication, distribution, etc. 2005.
300 ## - PHYSICAL DESCRIPTION
Extent 24 pages :
Other physical details color illustrations ;
Dimensions 16 x 19 cm.
490 1# - SERIES STATEMENT
Series statement Money matters
505 0# - FORMATTED CONTENTS NOTE
Formatted contents note F<br/>
520 ## - SUMMARY, ETC.
Summary, etc. Which president's face is on both a quarter and a dollar bill? How do you know where the money you spend is minted or printed? Bank on this new series to provide kids with a common "cents" point of view on all kinds of money matters - what coins are made of, what all those symbols mean, and how to save or spend it.
521 8# - TARGET AUDIENCE NOTE
Target audience note 400<br/>
Source Lexile <br/>
521 8# - TARGET AUDIENCE NOTE
Target audience note F<br/>
Source Raz-Plus<br/>
650 #0 - SUBJECT ADDED ENTRY--TOPICAL TERM
Topical term or geographic name entry element Children
General subdivision Finance, Personal
Form subdivision Juvenile literature.
650 #0 - SUBJECT ADDED ENTRY--TOPICAL TERM
Topical term or geographic name entry element Saving and investment
Form subdivision Juvenile literature.
800 1# - SERIES ADDED ENTRY--PERSONAL NAME
Personal name Hill, Mary,
Dates associated with a name 1977-
Title of a work Money matters.
856 41 - ELECTRONIC LOCATION AND ACCESS
Materials specified Table of contents
Uniform Resource Identifier <a href="http://www.loc.gov/catdir/toc/ecip0419/2004015805.html">http://www.loc.gov/catdir/toc/ecip0419/2004015805.html</a>
906 ## - LOCAL DATA ELEMENT F, LDF (RLIN)
a 7
b cbc
c orignew
d 1
e ecip
f 20
g y-gencatlg
942 ## - ADDED ENTRY ELEMENTS (KOHA)
Source of classification or shelving scheme Dewey Decimal Classification
Koha item type Books
Suppress in OPAC No
Holdings
Withdrawn status Lost status Source of classification or shelving scheme Damaged status Not for loan Collection Home library Current library Shelving location Date acquired Total Checkouts Full call number Barcode Date last seen Date last checked out Copy number Price effective from Koha item type
    Dewey Decimal Classification     Non-Fiction Footprints International School Library Network Toul Kork Campus Footprints International School Library Network Toul Kork Campus TK Primary Library Room(4th Floor), Bookcase 1&2, Shelves 1-16, Dark Blue Books 10/06/2023 4 HIL 332 HG179.H473 FISBK02153 04/23/2026 04/09/2026 1 10/06/2023 Books
    Dewey Decimal Classification     Non-Fiction Footprints International School Library Network Toul Kork Campus Footprints International School Library Network Toul Kork Campus TK Primary Library Room(4th Floor), Bookcase 1&2, Shelves 1-16, Dark Blue Books 05/02/2025 1 HIL 332 HG179.H473 FISBK02154 05/28/2025 05/21/2025 2 05/02/2025 Books